[Event "e2e4 Diamond Jubilee Premier"]
[Site "London ENG"]
[Date "2012.06.05"]
[Round "7.8"]
[White "Sarakauskas, Gediminas"]
[Black "Martinsen, Stig K"]
[Result "1/2-1/2"]
[WhiteTitle "IM"]
[WhiteElo "2403"]
[BlackElo "2169"]
[WhiteFideId "12800724"]
[BlackFideId "1502824"]
[EventDate "2012.06.02"]

1. Nf3 d6 2. d4 g6 3. e4 Nf6 4. Nc3 Bg7 5. Be3 a6 6. a4 b6 7. Bc4 e6 8. e5 dxe5
9. Nxe5 Bb7 10. O-O Nc6 11. Qe2 Qd6 12. Nf3 O-O 13. Rad1 Ne7 14. Bg5 Ned5 15.
Ne4 Nxe4 16. Qxe4 Bc6 17. Bxd5 Qxd5 18. Qxd5 Bxd5 19. Bf4 Bxf3 20. gxf3 Rac8 21.
Rd3 Rfd8 22. Rfd1 c6 23. c4 b5 24. b3 Rd7 25. d5 bxc4 26. bxc4 cxd5 27. cxd5
exd5 28. Rxd5 Rxd5 29. Rxd5 Bf8 30. Be3 Be7 31. Bb6 Kf8 32. Rd7 Bc5 33. Rb7 Rc6
34. a5 Kg7 35. Kg2 Bxb6 36. Rxb6 Rc2 37. Rxa6 Ra2 38. f4 Ra3 39. f3 h5 40. h4
Ra4 41. Kg3 Kh7 42. Ra8 Kg7 43. a6 Kf6 44. Rb8 1/2-1/2

[Event "e2e4 Diamond Jubilee Premier"]
[Site "London ENG"]
[Date "2012.06.05"]
[Round "7.9"]
[White "Jackson, James P"]
[Black "Astaneh Lopez, Alex"]
[Result "0-1"]
[BlackTitle "IM"]
[WhiteElo "2121"]
[BlackElo "2402"]
[WhiteFideId "416860"]
[BlackFideId "2501430"]
[EventDate "2012.06.02"]

1. e4 c6 2. d4 d5 3. exd5 cxd5 4. c4 Nf6 5. Nc3 Nc6 6. Bg5 Be6 7. a3 g6 8. Nf3
Bg7 9. c5 Ne4 10. Be3 O-O 11. Be2 Nxc5 12. dxc5 d4 13. Nxd4 Nxd4 14. O-O Bb3 15.
Qd2 a6 16. Rac1 Rc8 17. Bxd4 Qxd4 18. Qxd4 Bxd4 19. Bf3 Rc7 20. Nd5 Bxd5 21.
Bxd5 Rd8 22. Bf3 Bxb2 23. Rfd1 Rxd1+ 24. Rxd1 Bxa3 25. Rb1 Rxc5 26. Bxb7 a5 27.
Bf3 Rc2 28. Be4 Rd2 29. Bc6 Bc5 30. Rf1 Ra2 31. Bd5 Rc2 32. Be4 Rc4 33. Bb1 a4
34. g3 Rb4 35. Rc1 a3 0-1

[Event "e2e4 Diamond Jubilee Premier"]
[Site "London ENG"]
[Date "2012.06.05"]
[Round "7.10"]
[White "Foo, William J"]
[Black "Sowray, Peter J"]
[Result "0-1"]
[BlackTitle "FM"]
[WhiteElo "1959"]
[BlackElo "2376"]
[WhiteFideId "419753"]
[BlackFideId "400971"]
[EventDate "2012.06.02"]

1. e4 c5 2. Nf3 e6 3. d4 cxd4 4. Nxd4 Nf6 5. Nc3 d6 6. g4 h6 7. Be3 Nc6 8. h3 a6
9. Qd2 Bd7 10. f4 Rc8 11. Bd3 Be7 12. O-O-O Qa5 13. Nb3 Qc7 14. Qf2 b5 15. Kb1
Nb4 16. g5 Nxd3 17. cxd3 hxg5 18. fxg5 Nh5 19. Rc1 Qb7 20. Rhf1 O-O 21. Qh4 g6
22. Nd1 e5 23. Rxc8 Rxc8 24. Nc3 Be6 25. Rc1 b4 26. Ne2 Rxc1+ 27. Nbxc1 d5 28.
Ng3 Nxg3 29. Qxg3 Bd6 30. exd5 Qxd5 31. Ka1 a5 32. h4 a4 33. Qf2 a3 34. bxa3
bxa3 35. Qc2 Bf5 36. Qb3 Qh1 37. Qb6 Bf8 38. Kb1 Bxd3+ 0-1

[Event "e2e4 Diamond Jubilee Premier"]
[Site "London ENG"]
[Date "2012.06.05"]
[Round "7.11"]
[White "Batchelor, Peter J"]
[Black "Buckley, Graeme N"]
[Result "1/2-1/2"]
[BlackTitle "IM"]
[WhiteElo "2050"]
[BlackElo "2363"]
[WhiteFideId "424854"]
[BlackFideId "402265"]
[EventDate "2012.06.02"]

1. d4 Nf6 2. Nf3 e6 3. c4 c5 4. d5 b5 5. dxe6 fxe6 6. cxb5 Bb7 7. g3 Be7 8. Bg2
O-O 9. O-O a6 10. bxa6 Rxa6 11. Nc3 d5 12. b3 Nbd7 13. Bb2 Qe8 14. e3 Bd6 15.
Ne2 e5 16. Nd2 e4 17. Nb1 Be5 18. Nbc3 g5 19. h3 Bb8 20. Rc1 Bc6 21. Na4 Ba7 22.
Ba3 Bxa4 23. bxa4 Bb6 24. Nc3 Qe6 25. Qb3 Re8 26. Rfe1 Ne5 27. Rcd1 c4 28. Qb5
Ra5 29. Qb1 Nd3 30. Re2 Nd7 31. Kh2 N7e5 32. Rf1 g4 33. h4 Nf3+ 34. Bxf3 gxf3
35. Rd2 Bc7 36. Qb7 Qd7 37. Rb1 Re6 38. Rb5 d4 39. exd4 Rxb5 40. Qxb5 Qxd4 41.
Qg5+ Qg7 42. Nxe4 Qxg5 43. Nxg5 Rf6 44. Ne4 Ra6 45. Rc2 Rxa4 46. Be7 Kf7 47. Bg5
Ke6 48. Nd2 Ne5 49. Bf4 Ng4+ 50. Kg1 Bxf4 51. gxf4 Kd5 52. Nxf3 Ke4 53. Kg2 Kxf4
54. Nd2 Ne5 55. Rc3 Rb4 56. a3 Ra4 57. Re3 Ra7 58. Rc3 Rc7 59. a4 Kg4 60. a5
Kxh4 61. a6 Kg4 62. a7 Rxa7 63. Nxc4 Ng6 64. Ne3+ Kf4 65. Rc4+ Ke5 66. Rc5+ Kd4
67. Rc4+ Kd3 68. Rb4 Rf7 69. Rb3+ Kd2 70. Rb2+ Kc3 71. Nd1+ Kd4 72. Rd2+ Ke5 73.
Re2+ Kf5 74. Ra2 Nf4+ 75. Kf3 Ng6 76. Ra5+ Ke6+ 77. Kg3 Ne5 78. Ra6+ Kd5 79.
Ra5+ Kd4 80. Ne3 Rg7+ 81. Kh3 Ke4 82. Ng2 Nd3 83. Ra4+ Ke5 84. Ra5+ Kd4 85. Rf5
Kc3 86. Ne3 Kd2 87. Ng4 Ke2 88. Kg3 Kd2 89. f3 Ke2 90. Ra5 Ne1 91. Re5+ Kd2 92.
Rd5+ Kc3 93. Rf5 Kd4 94. Rf4+ Kd3 95. Rf5 Nc2 96. Rd5+ Kc4 97. Rh5 Nd4 98. Kf2
Re7 99. Ne3+ Kd3 100. Ra5 Rf7 101. Ra3+ Kd2 102. Nc4+ Kc2 103. Re3 Rxf3+ 104.
Rxf3 Nxf3 105. Kxf3 1/2-1/2

[Event "e2e4 Diamond Jubilee Premier"]
[Site "London ENG"]
[Date "2012.06.05"]
[Round "7.12"]
[White "Rausis, Igor"]
[Black "Karayiannis, Costas"]
[Result "1-0"]
[WhiteTitle "GM"]
[WhiteElo "2514"]
[BlackElo "2167"]
[WhiteFideId "11600098"]
[BlackFideId "405183"]
[EventDate "2012.06.02"]

1. Nf3 Nf6 2. d4 g6 3. c4 Bg7 4. Nc3 O-O 5. e4 d6 6. h3 e5 7. dxe5 dxe5 8. Qxd8
Rxd8 9. Bg5 Re8 10. Nd5 Nxd5 11. cxd5 c6 12. Bc4 cxd5 13. Bxd5 Nc6 14. O-O-O Be6
15. Bxe6 Rxe6 16. Rd7 f6 17. Be3 Re7 18. Rhd1 b6 19. Rxe7 Nxe7 20. Rd7 Rc8+ 21.
Kb1 Nc6 22. a3 Bf8 23. b4 Ra8 24. Kb2 Ne7 25. Nd2 Kf7 26. Nc4 b5 27. Na5 a6 28.
Nb7 h5 29. g4 hxg4 30. hxg4 g5 31. Kb3 Ke8 32. Rc7 Ng8 33. a4 Nh6 34. f3 Nf7 35.
Bc5 Bxc5 36. bxc5 bxa4+ 37. Kxa4 Nd8 38. Ka5 Nxb7+ 39. Rxb7 Rc8 40. Kb6 Ra8 41.
c6 1-0

[Event "e2e4 Diamond Jubilee Premier"]
[Site "London ENG"]
[Date "2012.06.05"]
[Round "7.13"]
[White "Moss, Guy"]
[Black "Zhou, Yang-Fan"]
[Result "1/2-1/2"]
[BlackTitle "IM"]
[WhiteElo "1888"]
[BlackElo "2438"]
[WhiteFideId "2804620"]
[BlackFideId "468584"]
[EventDate "2012.06.02"]

1. e4 c5 2. Nf3 d6 3. c3 Nf6 4. h3 Nc6 5. Bd3 d5 6. e5 c4 7. Bxc4 dxc4 8. exf6
gxf6 9. Na3 Be6 10. b3 Rg8 11. Nxc4 Bxc4 12. bxc4 Rxg2 13. d4 e6 14. Be3 Qa5 15.
Qb3 O-O-O 16. O-O-O Qc7 17. c5 f5 18. Rhg1 Rg6 19. Rxg6 hxg6 20. Bg5 Be7 21.
Bxe7 Qxe7 22. c4 e5 23. d5 Nd4 24. Nxd4 exd4 25. Qb5 Rh8 26. c6 Qa3+ 27. Kb1 b6
28. c5 Qxc5 29. Qa6+ 1/2-1/2

[Event "e2e4 Diamond Jubilee Premier"]
[Site "London ENG"]
[Date "2012.06.05"]
[Round "7.14"]
[White "Sipila, Vilka"]
[Black "Josse, Mark"]
[Result "1-0"]
[WhiteTitle "FM"]
[WhiteElo "2393"]
[BlackElo "2131"]
[WhiteFideId "505455"]
[BlackFideId "414476"]
[EventDate "2012.06.02"]

1. a4 e5 2. h3 d5 3. e3 Nc6 4. d4 exd4 5. exd4 Bf5 6. Nf3 Bd6 7. Bd3 Nge7 8. O-O
O-O 9. Nc3 Bxd3 10. Qxd3 Nb4 11. Qd1 Ng6 12. Nb5 a6 13. Nxd6 Qxd6 14. b3 Rfe8
15. Ba3 Nf4 16. Qd2 a5 17. g3 Ng6 18. Kg2 Qb6 19. Rfe1 h6 20. h4 Re4 21. c4 Rxe1
22. Rxe1 dxc4 23. bxc4 Qc6 24. h5 Nf8 25. Re7 Qxc4 26. Qf4 Nd3 27. Qf5 Nb4 28.
Ne5 Qd5+ 29. Kg1 f6 30. Qg4 g5 31. Nf7 Nc2 32. Bb2 b5 33. Nxh6+ Kh8 34. Nf7+ Kg8
35. h6 bxa4 36. Qh5 Ne1 37. h7+ Nxh7 38. Qg6+ Kf8 39. Rxe1 Qxf7 40. Ba3+ 1-0

[Event "e2e4 Diamond Jubilee Premier"]
[Site "London ENG"]
[Date "2012.06.05"]
[Round "7.16"]
[White "Byron, Alan M"]
[Black "Hegarty, Sarah N"]
[Result "1/2-1/2"]
[BlackTitle "WFM"]
[WhiteElo "2179"]
[BlackElo "2062"]
[WhiteFideId "401773"]
[BlackFideId "2501465"]
[EventDate "2012.06.02"]

1. e4 Nf6 2. e5 Nd5 3. d4 d6 4. c4 Nb6 5. exd6 cxd6 6. Nc3 g6 7. Be3 Bg7 8. Rc1
O-O 9. b3 Nc6 10. Nf3 f5 11. g3 Nd7 12. d5 Nce5 13. Nd4 Nc5 14. h3 Ne4 15. Bg2
Qa5 16. Qc2 Nxc3 17. Qxc3 Qxc3+ 18. Rxc3 h6 19. f4 Nd7 20. Rc2 Nc5 21. O-O a5
22. Ne2 Re8 23. Bd4 Bxd4+ 24. Nxd4 Bd7 25. Re1 Kf7 26. Re3 Kf6 27. Rce2 Rac8 28.
Bf3 Ra8 29. g4 fxg4 30. Bxg4 Rad8 31. a3 h5 32. Bxd7 Rxd7 33. b4 axb4 34. axb4
Na6 35. Re6+ Kf7 36. f5 Rg8 37. f6 exf6 38. Nb5 Rgd8 39. Rf2 f5 40. Rg2 Nc7 41.
Nxc7 Rxc7 42. Rgxg6 Rxc4 43. Rgf6+ Kg7 44. Rxf5 Rxb4 45. Rg5+ Kf7 46. Rf5+ Kg7
47. Rg5+ Kf7 48. Rf5+ Kg7 49. Rxh5 Rb2 50. Rg5+ Kf7 51. Rf5+ Kg7 52. Rg5+ Kf7
53. Rf5+ Kg7 54. Rff6 Rc8 55. Rg6+ Kh7 56. Rh6+ Kg7 57. Rhg6+ Kh7 58. Rg2 Rxg2+
59. Kxg2 Rc1 60. Rxd6 b5 61. Rd7+ Kg6 1/2-1/2

[Event "e2e4 Diamond Jubilee Premier"]
[Site "London ENG"]
[Date "2012.06.05"]
[Round "7.17"]
[White "Talbot, Andrew R"]
[Black "O'Donnell, Conor"]
[Result "1-0"]
[WhiteElo "2158"]
[BlackElo "1860"]
[WhiteFideId "410403"]
[BlackFideId "2504243"]
[EventDate "2012.06.02"]

1. d4 Nf6 2. c4 e6 3. Nc3 Bb4 4. Qc2 O-O 5. a3 Bxc3+ 6. Qxc3 Ne4 7. Qc2 f5 8. e3
b6 9. Bd3 Bb7 10. Nf3 Rf6 11. b3 Rg6 12. Rg1 d6 13. Bb2 Nd7 14. O-O-O c5 15. d5
exd5 16. cxd5 Bxd5 17. Bc4 Bxc4 18. Qxc4+ Kh8 19. Qd5 Nxf2 20. Rdf1 Ng4 21. Nh4
Rf6 22. Nxf5 Rxf5 23. Qxf5 Nxe3 24. Qf7 Qg5 25. Qf4 Qxf4 26. Rxf4 Kg8 27. Re4
Nd5 28. Re6 Kf7 29. Rxd6 N7f6 30. Bxf6 Nxf6 31. Re1 Rc8 32. Kc2 Rc7 33. h3 h5
34. g3 Kg6 35. Re5 Kf7 36. a4 g6 37. Kc3 Ne8 38. Rd8 Ng7 39. g4 hxg4 40. hxg4
Ne6 41. Rh8 Kg7 42. Re8 Nf4 43. R5e7+ Rxe7 44. Rxe7+ Kf6 45. Rxa7 Kg5 46. Rb7
Kxg4 47. Kc4 g5 48. Rxb6 Kf3 49. Rb8 g4 50. a5 g3 51. Rg8 g2 52. a6 Ne2 53. Rxg2 1-0

[Event "e2e4 Diamond Jubilee Premier"]
[Site "London ENG"]
[Date "2012.06.05"]
[Round "7.18"]
[White "Bennett, Dominic L"]
[Black "Croad, Nicolas"]
[Result "0-1"]
[BlackTitle "FM"]
[WhiteElo "2072"]
[BlackElo "2334"]
[WhiteFideId "416657"]
[BlackFideId "4300793"]
[EventDate "2012.06.02"]

1. Nf3 c5 2. e4 d6 3. d4 cxd4 4. Nxd4 Nf6 5. Nc3 Nc6 6. Bg5 e6 7. Qd2 Be7 8.
O-O-O Nxd4 9. Qxd4 O-O 10. Be2 Nxe4 11. Nxe4 Bxg5+ 12. Nxg5 Qxg5+ 13. f4 Qa5 14.
Kb1 Rd8 15. h4 e5 16. fxe5 Be6 17. exd6 Qxa2+ 18. Kc1 Rd7 19. h5 h6 20. Bd3 Rad8
21. Qe4 f5 22. Qe5 Rxd6 23. g4 fxg4 24. Rhf1 Kh8 25. Qe4 Bg8 26. c3 Qa1+ 27. Kc2
Bb3+ 28. Kxb3 Rb6+ 29. Qb4 Rxb4+ 30. cxb4 Rxd3+ 31. Rxd3 Qxf1 32. Rd8+ Kh7 33.
Rh8+ 0-1

[Event "e2e4 Diamond Jubilee Premier"]
[Site "London ENG"]
[Date "2012.06.05"]
[Round "7.19"]
[White "Savage, Nicholas W"]
[Black "Tozer, Philip A A"]
[Result "0-1"]
[WhiteElo "2072"]
[BlackElo "2199"]
[WhiteFideId "417157"]
[BlackFideId "419982"]
[EventDate "2012.06.02"]

1. d4 e6 2. Nf3 f5 3. d5 d6 4. dxe6 Bxe6 5. Nd4 Qd7 6. Nc3 c6 7. Bf4 Nf6 8. e3
Be7 9. Be2 O-O 10. O-O d5 11. Nf3 Bd6 12. Bxd6 Qxd6 13. Qd4 Nbd7 14. b4 Ne4 15.
Rfd1 Qe7 16. Rab1 Ndf6 17. Ne5 a5 18. a3 axb4 19. axb4 Ra3 20. Rd3 Nxc3 21. Rxc3
Ra4 22. Nd3 Ne4 23. Rcb3 Nd2 24. Nc5 Nxb3 25. Rxb3 Ra2 26. Qe5 Re8 27. e4 Bc8 0-1

[Event "e2e4 Diamond Jubilee Premier"]
[Site "London ENG"]
[Date "2012.06.05"]
[Round "7.20"]
[White "Burrows, Martin P"]
[Black "Bhatia, Kanwal K"]
[Result "0-1"]
[BlackTitle "WFM"]
[WhiteElo "2134"]
[BlackElo "2064"]
[WhiteFideId "409057"]
[BlackFideId "407496"]
[EventDate "2012.06.02"]

1. e4 e5 2. Nf3 Nc6 3. Bb5 a6 4. Ba4 Nf6 5. O-O b5 6. Bb3 Bc5 7. d3 d6 8. a4 Rb8
9. axb5 axb5 10. c3 O-O 11. h3 h6 12. Re1 Bb6 13. Nbd2 Ne7 14. Nf1 Ng6 15. Ng3
Be6 16. Bc2 Qc8 17. Be3 Bxe3 18. fxe3 d5 19. Qe2 dxe4 20. dxe4 Qb7 21. Bd3 c5
22. b4 Qb6 23. Kh2 Rfc8 24. Ra5 cxb4 25. cxb4 Bc4 26. Rb1 Bxd3 27. Qxd3 Rc4 28.
Ra3 Rd8 29. Qe2 Qd6 30. Rab3 Qd7 31. R3b2 Qc6 32. Nd2 Rc2 33. Rxc2 Qxc2 34. Rd1
Qa4 35. Nb3 Rxd1 36. Qxd1 Qxb4 37. Qd3 Qc4 38. Qd8+ Kh7 39. Nd2 Qc6 40. Qa5 Ne7
41. Nf3 Qc5 42. Nf5 Nxf5 43. exf5 Ne4 44. Qa2 Nd6 45. Qb2 f6 46. Qf2 b4 47. Nd2
Qc2 48. g4 b3 49. Kg1 b2 50. Qe1 Nc4 51. Nb1 Nxe3 52. Nd2 b1=Q 0-1

[Event "e2e4 Diamond Jubilee Premier"]
[Site "London ENG"]
[Date "2012.06.05"]
[Round "7.21"]
[White "Lee, Kai Jie Edward"]
[Black "Armstrong, Malcolm J"]
[Result "1/2-1/2"]
[WhiteElo "2102"]
[BlackElo "2040"]
[WhiteFideId "5802920"]
[BlackFideId "409049"]
[EventDate "2012.06.02"]

1. e4 c6 2. d4 d5 3. Nc3 dxe4 4. Nxe4 Bf5 5. Ng3 Bg6 6. h4 h6 7. Nf3 Nd7 8. h5
Bh7 9. Bd3 Bxd3 10. Qxd3 Qc7 11. Bd2 Ngf6 12. O-O-O e6 13. Ne4 O-O-O 14. g3 Nxe4
15. Qxe4 Bd6 16. c4 Nf6 17. Qc2 c5 18. d5 exd5 19. cxd5 Qd7 20. Bc3 Rde8 21.
Bxf6 gxf6 22. Nh4 Kb8 23. Nf5 Re5 24. Ne3 b5 25. Rh4 Rhe8 26. Kb1 c4 27. Qh7 Bc5
28. Qxh6 Bxe3 29. fxe3 Qf5+ 30. Kc1 Rxe3 31. Qf4+ Qxf4 32. gxf4 Kc7 33. h6 Rh8
34. h7 Rg3 35. Rh6 Rg6 36. Rdh1 Kd6 37. R6h5 Rg7 38. Kc2 f5 39. R1h4 Rg2+ 40.
Kc3 Kc5 41. b4+ cxb3 42. axb3 Rg3+ 43. Kd2 Rg7 44. Ke3 a5 45. Rh1 Rg3+ 46. Kf2
Rg7 47. Kf3 a4 48. d6 Kxd6 49. bxa4 bxa4 50. Rh6+ Rg6 51. R6h5 Rg7 52. Rh6+ Rg6
53. R6h5 Rg7 1/2-1/2

[Event "e2e4 Diamond Jubilee Premier"]
[Site "London ENG"]
[Date "2012.06.05"]
[Round "7.22"]
[White "Tasker, Michael W"]
[Black "Mihajlov, Sebastian"]
[Result "1/2-1/2"]
[WhiteElo "2098"]
[BlackElo "2064"]
[WhiteFideId "408271"]
[BlackFideId "1512110"]
[EventDate "2012.06.02"]

1. d4 d5 2. Nf3 Nf6 3. c4 c6 4. Qc2 e6 5. Bg5 h6 6. Bxf6 Qxf6 7. e3 Bd6 8. Nc3
Nd7 9. Bd3 O-O 10. O-O Qe7 11. e4 dxc4 12. Bxc4 e5 13. Rfe1 exd4 14. Nxd4 Bxh2+
15. Kxh2 Qe5+ 16. Kg1 Qxd4 17. Bf1 Qf6 18. Rad1 Ne5 19. Be2 Qg6 20. Qd2 Bh3 21.
g3 Bg4 22. Kg2 Qh5 23. Bxg4 Qxg4 24. Qe2 Rad8 25. f3 Qg6 26. f4 Nd7 27. b4 Nb6
28. e5 Qe6 29. Ne4 Qc4 30. Qxc4 Nxc4 31. Nd6 Nxd6 32. exd6 Rd7 33. Re7 Rfd8 34.
Rxd7 Rxd7 35. f5 f6 1/2-1/2

[Event "e2e4 Diamond Jubilee Premier"]
[Site "London ENG"]
[Date "2012.06.05"]
[Round "7.23"]
[White "Lalic, Peter D"]
[Black "Stewart, Ashley"]
[Result "1-0"]
[WhiteElo "2097"]
[BlackElo "1994"]
[WhiteFideId "416711"]
[BlackFideId "419001"]
[EventDate "2012.06.02"]

1. f4 Nf6 2. Nf3 d5 3. e3 g6 4. b3 Bg7 5. Bb2 c5 6. Be2 Nc6 7. O-O O-O 8. Ne5
Qc7 9. Nxc6 Qxc6 10. Be5 b6 11. d3 Bb7 12. Nd2 b5 13. Qe1 Rad8 14. Qg3 c4 15.
Nf3 cxd3 16. cxd3 Nd7 17. Nd4 Qb6 18. Bxg7 Kxg7 19. b4 Kh8 20. a3 a6 21. Rac1
Rc8 22. Bg4 f5 23. Be2 Qf6 24. Rfd1 Rfd8 25. Qe1 e5 26. fxe5 Qxe5 27. Qg3 Qxg3
28. hxg3 Re8 29. Kf2 Nb6 30. Bf3 Na4 31. Rh1 Kg8 32. g4 Nb2 33. Rxc8 Rxc8 34.
gxf5 Nxd3+ 35. Ke2 Ne5 36. fxg6 hxg6 37. Rb1 Rc3 38. Rb3 Rc1 39. Ne6 Rc2+ 40.
Ke1 Rc1+ 41. Kf2 Rc2+ 42. Kg3 Nc4 43. Nc7 Nd2 44. Rd3 Nxf3 45. gxf3 Bc6 46. Nxa6
Ra2 47. Rc3 Bd7 48. Kf4 Bf5 49. Nc7 Kf7 50. Nxd5 Rh2 51. e4 Be6 52. Rc7+ Kf8 53.
Ke5 Bxd5 54. exd5 Re2+ 55. Kf6 Ke8 56. Rc3 Rd2 57. Ke6 Re2+ 58. Kd6 g5 59. Kc6
Rd2 60. d6 Kd8 61. Rc5 1-0

[Event "e2e4 Diamond Jubilee Premier"]
[Site "London ENG"]
[Date "2012.06.05"]
[Round "7.24"]
[White "Orishko, Yaroslav"]
[Black "Olsson, Tomas"]
[Result "1-0"]
[WhiteElo "2080"]
[BlackElo "1992"]
[WhiteFideId "14102919"]
[BlackFideId "1702696"]
[EventDate "2012.06.02"]

1. d4 Nf6 2. c4 g6 3. Nc3 Bg7 4. e4 d6 5. Be2 O-O 6. Bg5 c5 7. d5 h6 8. Bf4 Qa5
9. Bd2 Qd8 10. h3 Na6 11. Nf3 Nc7 12. a4 b6 13. Bf4 Bd7 14. O-O a6 15. Qc2 Nfe8
16. e5 Bf5 17. Bd3 Bxd3 18. Qxd3 Rb8 19. Rfe1 Rb7 1-0

[Event "e2e4 Diamond Jubilee Premier"]
[Site "London ENG"]
[Date "2012.06.05"]
[Round "7.25"]
[White "Rizvi, Nasir"]
[Black "Thompson, Robert"]
[Result "1/2-1/2"]
[WhiteElo "2074"]
[BlackElo "1965"]
[WhiteFideId "1800540"]
[BlackFideId "417513"]
[EventDate "2012.06.02"]

1. c4 Nf6 2. g3 g6 3. Bg2 Bg7 4. Nc3 O-O 5. Nf3 d6 6. O-O e5 7. d3 Re8 8. Bg5 h6
9. Bxf6 Bxf6 10. Rb1 c6 11. Nd2 Be6 12. b4 d5 13. b5 e4 14. bxc6 bxc6 15. cxd5
cxd5 16. Rc1 exd3 17. exd3 Nc6 18. Nb3 Rc8 19. Na4 Ne5 20. Nac5 Bg4 21. f3 Bf5
22. h3 Qb6 23. Kh2 Nd7 24. Nxd7 Bxd7 25. f4 Rxc1 26. Nxc1 Qb2 27. Qb3 Qxb3 28.
axb3 d4 29. Bd5 Re3 30. Kg2 Be7 31. g4 Ba3 32. f5 gxf5 33. gxf5 Bxc1 34. Rxc1
Bxf5 35. h4 Rxd3 36. Ra1 Be6 37. Bc4 Bxc4 38. bxc4 Rc3 39. Rxa7 Rxc4 40. Rd7 Kg7
41. Kg3 Kg6 42. h5+ Kxh5 43. Rxf7 d3 44. Rf5+ Kg6 45. Rd5 Rc3 46. Kg4 h5+ 47.
Kh4 Ra3 48. Rxd3 Rxd3 1/2-1/2

[Event "e2e4 Diamond Jubilee Premier"]
[Site "London ENG"]
[Date "2012.06.05"]
[Round "7.26"]
[White "McDonald, Ian"]
[Black "McMahon, Daire"]
[Result "1-0"]
[BlackTitle "FM"]
[WhiteElo "1840"]
[BlackElo "2229"]
[WhiteFideId "2401541"]
[BlackFideId "2500477"]
[EventDate "2012.06.02"]

1. e4 e5 2. Nf3 Nc6 3. Bc4 Nf6 4. d3 Be7 5. Nc3 d6 6. Be3 Bg4 7. h3 Bh5 8. g4
Bg6 9. Qd2 Na5 10. Bb3 c6 11. O-O-O Nxb3+ 12. axb3 Qc7 13. Kb1 b5 14. Nh4 Nd7
15. Nf5 Bxf5 16. gxf5 a5 17. d4 a4 18. f4 axb3 19. cxb3 b4 20. Na4 f6 21. Rhg1
Rg8 22. Qe2 O-O-O 23. Rc1 Kb7 24. Qc4 c5 25. Qb5+ Ka8 26. dxc5 dxc5 27. Nxc5
exf4 28. Na6 Qb7 29. Rc7 Qxe4+ 30. Ka2 fxe3 31. Nb8 Bc5 32. Nc6 1-0

[Event "e2e4 Diamond Jubilee Premier"]
[Site "London ENG"]
[Date "2012.06.05"]
[Round "7.27"]
[White "Humphreys, Jerry G"]
[Black "Snape, Ian L"]
[Result "1/2-1/2"]
[WhiteElo "2080"]
[BlackElo "2229"]
[WhiteFideId "408158"]
[BlackFideId "404489"]
[EventDate "2012.06.02"]

1. e4 Nf6 2. e5 Nd5 3. d4 d6 4. c4 Nb6 5. exd6 cxd6 6. Bd3 g6 7. Nc3 Bg7 8. Be3
Nc6 9. Nge2 O-O 10. Rc1 e5 11. dxe5 dxe5 12. O-O Nd4 13. b3 Qh4 14. f3 Be6 15.
Ne4 Qe7 16. Qe1 h6 17. Qf2 f5 18. N4c3 Rfd8 19. Rfd1 Nxe2+ 20. Bxe2 Rxd1+ 21.
Rxd1 e4 22. Bc5 Qf6 23. Bd4 Qe7 24. fxe4 fxe4 25. Bxg7 Qxg7 26. Nxe4 Rf8 27. Qd4
Nd7 28. Qxg7+ Kxg7 29. Nc3 Ne5 30. Nd5 Bf5 31. b4 b6 32. Rc1 Be4 33. Rc3 Nc6 34.
a3 Rd8 35. Kf2 Nd4 36. Nf4 Rf8 37. Ke3 Rxf4 38. Kxd4 Bxg2+ 39. Ke3 Rh4 40. Kf2
Be4 41. Kg3 g5 42. Re3 Kf6 43. Bg4 Bf5 44. Bxf5 Kxf5 45. Rc3 Re4 46. c5 bxc5 47.
Rxc5+ 1/2-1/2

[Event "e2e4 Diamond Jubilee Premier"]
[Site "London ENG"]
[Date "2012.06.05"]
[Round "7.28"]
[White "Jaunooby, Ali R"]
[Black "Garnett, John S"]
[Result "1-0"]
[WhiteElo "2158"]
[BlackElo "2008"]
[WhiteFideId "413291"]
[BlackFideId "410829"]
[EventDate "2012.06.02"]

1. d4 d5 2. c4 c6 3. Nf3 Nf6 4. Nc3 dxc4 5. a4 Bf5 6. Ne5 Nbd7 7. Nxc4 Nb6 8.
Ne5 a5 9. f3 e6 10. e4 Bg6 11. Be3 Nfd7 12. Qb3 Bb4 13. Nd3 Qe7 14. Be2 f6 15.
Nxb4 axb4 16. Nd1 Bf7 17. Qc2 O-O 18. a5 e5 19. dxe5 fxe5 20. Qc1 Nc8 21. a6
bxa6 22. Qxc6 Nd6 23. Rxa6 Rxa6 24. Qxa6 Rc8 25. O-O Nb8 26. Qa7 Qxa7 27. Bxa7
Nc6 28. Bf2 Ra8 29. Bc5 Nc4 30. Re1 Ra2 31. Bd3 Nxb2 32. Bb1 Ra5 33. Bxb4 Nxb4
34. Nxb2 Be6 35. Nd3 Nc6 36. Kf2 Kf7 37. Rc1 Nd4 38. Ke3 Kf6 39. Nxe5 Nf5+ 40.
exf5 Rxe5+ 41. Kf4 Bxf5 42. Rc6+ Re6 43. Rxe6+ Bxe6 44. h4 h6 45. h5 Bc4 46. Bf5
Bb3 47. Bg6 Bc4 48. Ke3 Bb3 49. f4 Bd1 50. Kd4 Be2 51. Kd5 Bd1 52. Kd6 Be2 53.
Kd7 Bb5+ 54. Kd8 Ba4 55. g4 Bd1 56. Bf5 Be2 57. Ke8 Bd1 58. Kd7 Be2 59. Kd6 Bd1
60. Kd5 Be2 61. Ke4 Bd1 62. Ke3 Ba4 63. Kf3 Be8 64. Be4 Ba4 65. Kg3 Bb3 66. Kh4
Ba2 67. Bg6 Bb3 68. g5+ hxg5+ 69. fxg5+ Ke7 70. Kg4 Ke6 71. Kf4 Ba4 72. Bf5+ Kf7
73. Ke5 Bb3 74. Bg4 Bc4 75. Bf3 Bd3 76. Bd5+ Kf8 77. Be4 Be2 78. Bg6 Bd1 79. Kf4
Be2 80. Kg3 Bd1 81. Kh4 Bb3 82. Be4 Bc4 83. g6 Bb3 84. Kg5 Bc4 85. h6 gxh6+ 86.
Kxh6 Bb3 87. g7+ Ke7 88. Kh7 Bc4 89. Kh8 Kf6 90. Bh7 Bd5 91. Bg8 1-0

[Event "e2e4 Diamond Jubilee Premier"]
[Site "London ENG"]
[Date "2012.06.05"]
[Round "7.29"]
[White "Taylor, Adam A"]
[Black "Akhanov, Dauren"]
[Result "0-1"]
[WhiteElo "1869"]
[BlackElo "2149"]
[WhiteFideId "415790"]
[BlackFideId "13704079"]
[EventDate "2012.06.02"]

1. Nf3 Nf6 2. c4 g6 3. Nc3 d5 4. Qa4+ c6 5. cxd5 Nxd5 6. Qd4 Nf6 7. Qxd8+ Kxd8
8. d4 Bg7 9. Bf4 Nd5 10. Nxd5 cxd5 11. Ne5 Bxe5 12. Bxe5 f6 13. Bg3 Nc6 14. e3
Bf5 15. Kd2 a6 16. Bd3 Bxd3 17. Kxd3 Kd7 18. Rac1 h5 19. h4 e5 20. a3 e4+ 21.
Ke2 Rac8 22. Rc5 Ne7 23. Rhc1 Rxc5 24. Rxc5 Rc8 25. Rxc8 Nxc8 26. Kd2 Ne7 27.
Bf4 Nf5 28. g3 Ne7 29. Ke2 Ke6 30. f3 Kf5 31. Bd6 Nc6 32. Bc7 g5 33. b3 exf3+
34. Kxf3 g4+ 35. Kf2 Ke4 36. Ke2 Na7 37. Bd6 f5 38. a4 Nc6 39. Bc7 Nb4 40. Ba5
Nc2 41. Bd2 b6 42. b4 b5 43. a5 Na3 44. Be1 Nb1 45. Bf2 Nc3+ 46. Kd2 Kf3 0-1